000 01364cam a2200301 i 4500
003 SA-RiAUC
005 20251228085610.0
008 251121s2003 su g 00010bara c
040 _aKAPL
_bara
_cSA-RiAUC
_erda
072 7 _a026
082 0 4 _a239.6
090 _a239.6
_bم ل ا
100 1 _aالملا، أبو بكر بن محمد بن عمر،
_d1198-1270 هجري
_eمؤلف.
245 1 0 _aهداية المحتذي لشمائل الترمذي /
_cأبو بكر بن محمد بن عمر الأحسائي ؛ حققه وعلق عليه يحيى بن محمد بن أبي بكر الملا.
264 1 _aالأحساء، السعودية :
_bمكتبة التعاون الثقافي،
_c2003
300 _a2 مجلد ؛
_c24 سم
336 _aنص
_btxt
_2rdacontent
_3كتاب
337 _aبدون وسيط
_bn
_2rdamedia
338 _aمجلد
_bnc
_2rdacarrier
600 0 7 _aمحمد (صلى الله عليه وسلم)،
_d53 قبل الهجرة-11 هجري
_2aucnm
650 7 _aالسيرة النبوية
_2aucsh
650 7 _aأخلاق الرسول
_2aucsh
700 1 _aالملا، يحيى محمد أبو بكر
_eمحقق.
700 1 2 _aالترمذي، محمد بن عيسى بن سورة،
_d209-279 هجري
740 2 2 _aالشمائل المحمدية.
942 _2ddc
_cBOOK
_n0
949 _aSA-JeALM
_d251121
_umohamedma123
_n1
999 _c13748
_d13748